| 000 | 00556nam a2200181Ia 4500 | ||
|---|---|---|---|
| 003 | GCL | ||
| 008 | 140319s9999 xx 000 0 eng d | ||
| 040 |
_aGCL / _cGCL |
||
| 082 | 0 | 4 |
_a650.1 _bJ A |
| 100 | 1 | _aJOHNSON, MIKE | |
| 245 | 1 | 0 |
_aTHE ASPIRING MANAGER'S SURVIVAL GUIDE: HOW TO ACHIEVE SUCCESS AND CAREER FULFILMENT IN A CHANGING WORKPLACE / _cJOHNSON, MIKE |
| 260 |
_a[S.N] : _bBUTTERWARTH ARCHITECTURE ، _c1996 |
||
| 300 | _a206 P | ||
| 650 | 0 | 4 | _aMANAGEMENT |
| 650 | 0 | 4 | _aSUCCESS IN BUSINESS |
| 650 | 0 | 4 | _aCAREER DEVELOPMENT |
| 942 |
_2ddc _cBK |
||
| 999 |
_c14821 _d14821 |
||